000 00499nam a2200193Ia 4500
003 OSt
005 20220926033922.0
006 a|||||r|||| 00| 0
007 ta
008 220923b |||||||| |||| 00| 0 eng d
037 _cGeneral Book
040 _aRTL
_cRTL
_beng
041 _2eng
_aeng
245 0 _aAccounting for Management
_b Text and Cases
260 _aVikas
_bPublishing House New Delhi
_c1976
300 _a432p
_ccm.
942 _cGB
_2CC
999 _c658297
_d658297